Text Book of Biochemistry for Medical students/ (Record no. 33639)
[ view plain ]
| 000 -LEADER | |
|---|---|
| fixed length control field | 00830nam a22002297a 4500 |
| 008 - FIXED-LENGTH DATA ELEMENTS--GENERAL INFORMATION | |
| fixed length control field | 100116t xxu||||| |||| 00| 0 eng d |
| 010 ## - LCCN (DPL NO) | |
| LC control number | B-365443 |
| 020 ## - INTERNATIONAL STANDARD BOOK NUMBER | |
| Terms of availability | 595.00 |
| 035 ## - SYSTEM CONTROL NUMBER | |
| System control number | B-365443 |
| 037 ## - SOURCE OF ACQUISITION | |
| Stock number | UBH |
| Source of stock number/acquisition | RP/CL/E;22/17-12-09/22-12-09/30-12-09 |
| 040 ## - CATALOGING SOURCE | |
| Original cataloging agency | dpl |
| Language of cataloging | eng |
| 082 ## - DEWEY DECIMAL CLASSIFICATION NUMBER | |
| Classification number | 572 |
| 100 ## - MAIN ENTRY--PERSONAL NAME | |
| Personal name | Vasudevan,D.M |
| 245 ## - TITLE STATEMENT | |
| Title | Text Book of Biochemistry for Medical students/ |
| Statement of responsibility, etc | by DM Vasudevan&Sreekumaris |
| 250 ## - EDITION STATEMENT | |
| Edition statement | 5thed |
| 260 ## - PUBLICATION, DISTRIBUTION, ETC. (IMPRINT) | |
| Place of publication, distribution, etc | Delhi |
| Name of publisher, distributor, etc | Jaypee brothers |
| Date of publication, distribution, etc | 2009 |
| 270 ## - ADDRESS | |
| Address | 4838/24 Ansari Road Daryaganj |
| City | Delhi |
| Postal code | 110002 |
| Telephone number | 43574357 |
| 300 ## - PHYSICAL DESCRIPTION | |
| Extent | 518pg |
| Dimensions | 24cm |
| 942 ## - ADDED ENTRY ELEMENTS (KOHA) | |
| Source of classification or shelving scheme | Dewey Decimal Classification |
| Item type | English Books |
| Classification part | 572 |
| Call number suffix | VAS |
| Withdrawn status | Lost status | Source of classification or shelving scheme | Damaged status | Not for loan | Home library | Current library | Date acquired | Source of acquisition | Cost, normal purchase price | Total Checkouts | Full call number | Barcode | Date last seen | Cost, replacement price | Koha item type | Public note |
|---|---|---|---|---|---|---|---|---|---|---|---|---|---|---|---|---|
| Dewey Decimal Classification | Central Library | Central Library | 30/12/2009 | RP/CL | 595.00 | 572 VAS | B-365443 | 16/01/2010 | 595.00 | English Books | Legal Case Register No. 28 |
